000 00911nam a22002532 4500
001 0000020985
005 20151021152602.0
008 120106s xx 000 0 eng d
020 _a007128480x :
040 _aKABU
_cKABU
100 1 _aBrickley, James A.
_@0000181701
245 1 0 _aManagerial economics and organizational architecture /
_cJames A. Brickley, Clifford W. Smith, Jerold L. Zimmerman.
250 _a5th ed.
260 _aBoston :
_bMcGraw-Hill,
_c2009.
300 _axxi, 714 p.
650 0 _aManagerial economics.
_@0000150546
650 0 _aOrganizational effectiveness.
_@0000150612
700 1 _aSmith, Clifford W.
_@0000181702
700 1 _aZimmerman, Jerold L.
_@0000151782
852 1 _9p5180 KES
852 1 _9p5180 KES
908 _a120106
950 _@1
999 _c1573
_d1573